| 000 | 00653cam a22002177a 4500 | ||
|---|---|---|---|
| 020 | _a1853834734 | ||
| 040 | _cEQF | ||
| 082 | 0 | 0 | _a333 EAR 1998 A019 Co. |
| 245 | 0 | 0 |
_aCustodians of the commons : _bpastoral land tenure in East and West Africa / |
| 260 |
_aLondon : _bEarthscan Publications, _c1998. |
||
| 300 |
_axviii, 238 p. : _bmaps ; _c24 cm. |
||
| 650 | 0 | _aPastoral systems | |
| 650 | 0 | _aPastoral systems | |
| 650 | 0 | _aLand tenure | |
| 650 | 0 | _aLand tenure | |
| 650 | 0 | _aLand use, Rural | |
| 650 | 0 | _aLand use, Rural | |
| 700 | 1 | _aLane, Charles R. | |
| 856 | 4 | 2 | _uhttp://www.loc.gov/catdir/enhancements/fy1111/98148608-b.html |
| 942 | _cEK | ||
| 999 |
_c12337 _d12337 |
||